1604 1840 1565 1103 1139 1081 1073 1013 1035 1857 1439 1740 1503 1497 1615 1554 1013 1917 1826 1903 1627 1682 1909 1610 1446 1207 1375 1106 1800 1914 1143 1633 1862 1735 1569 1651 1621 1897 1028 1474 1973 1360 1630 1226 1069 1844 1607 1368 1026 1155 1741 1792 1140 1892 1193 1644 1048 1514 1470 1107 1880 1752 1428 1957 1223 1049 1920 1325 1528 1228 1583 1887 1875 1308 1141 1884 1367 1509 1756 1248 1577 1943 1138 1556 1485 1388 1655 1699 1676 1875 1423 1839 1394 1585 1813 1128 1131 1887 1338 BCNSPRNW ULIB Ver.6.0+V

เปลี่ยนเป็นภาษาไทย

Change to English
 แสดงรายละเอียดบรรณานุกรม
  กลับหน้าหลัก

Brief Record : Get Marc (ISO 2709) : E-mail record : QR code < ปิดหน้าต่าง
LEADER : 00000nam 2200000uu 4500
001    13399124233
003     ULIB
008    020711s2013 th a 000 0 eng d
020    9781451146684
060    WY161^bJ33S
100    Janice L. Hinkle.
245    Study Guide for Brunner & Suddarth s Textbook of Medical-Surgical Nursing./^c Janice L. Hinkle., Kerry H. Cheever.
250    13rd ed
260    London :^bLippincott Williams & Wilkins.,^c2013
300    463 pages;^b27.5 cm
650    Surgical^xNursing
700    Kerry H. Cheever.
945    ^p0^l0^i039065
รายการนี้ยังไม่มีแท็ก
คุณยังไม่ได้ล็อกอิน คุณสามารถมีกิจกรรมร่วมกับเว็บไซต์ได้ แต่ต้องล็อกอินก่อน ::
  ล็อกอิน

รายการสื่อสารสนเทศ

ลำดับที่ ประเภท เลขเรียก/บาร์โค้ด สถานที่ สถานะ
1. Book การพยาบาล
Book การพยาบาล
WY161 J33S ฉ.1 
  Barcode: 039065
ห้องสมุดวิทยาเขตสวรรค์ประชารักษ์
►หนังสือทั่วไป
บนชั้น

รายการใกล้เคียง
    ผู้แต่ง [Janice L. Hinkle.]

    หัวเรื่อง [Surgical Nursing]

BibComment


ยังไม่เคยถูกคอมเมนท์

คอมเมนท์ทรัพยากรรายการนี้
  คอมเมนท์: Study Guide for B..


 Copyright 2026. Bcnsprnw @Library